000 00367nam a2200157Ia 4500
008 230711s9999||||xx |||||||||||||| ||und||
020 _a81-87421-00-2
041 _aBHO
082 _a632.9
_bBA-P
100 _aBawden, F. C.
245 0 _aPlant Diseases
260 _c1999
_aLucknow
_bGreenworld Publishers
300 _a206p.
650 _aAgriculture
942 _cBK
999 _c7590
_d7590